Essentials of Physics & Chemistry (Record no. 7787)

MARC details
000 -LEADER
fixed length control field 00335nam a2200133 4500
020 ## - INTERNATIONAL STANDARD BOOK NUMBER
ISBN 9788174731830
050 ## - CALL NUMBER
Classification number QP161
100 ## - AUTHOR
Personal name Negi, K. S.
245 ## - TITLE
Title Essentials of Physics & Chemistry
Statement of responsibility, etc by Dr. K. S. Negi
260 ## - PUBLICATION INFORMATION
Place of publication New Delhi
Name of publisher A.I.T.B.S Publishers
300 ## - DESCRIPTION
Number of Pages 148 pp;
Other physical details illus
650 ## - SUBJECTS
Topical Term physics
General subdivision chemistry
942 ## - ADDED ENTRY ELEMENTS (KOHA)
Koha item type Books
Holdings
Withdrawn status Lost status Home library Current library Date acquired Full call number Accession Number Koha item type
    Methodist University Library Wenchi Nursing Methodist University Library Wenchi Nursing 29/09/2021 QP161 31142 Books
    Methodist University Library Wenchi Nursing Methodist University Library Wenchi Nursing 29/09/2021 QP161 35465 Books
    Methodist University Library Wenchi Nursing Methodist University Library Wenchi Nursing 29/09/2021 QP161 35466 Books
    Methodist University Library Wenchi Nursing Methodist University Library Wenchi Nursing 29/09/2021 QP161 35467 Books
    Methodist University Library Wenchi Nursing Methodist University Library Wenchi Nursing 29/09/2021 QP161 35468 Books
Copyright © 2026  MUG Library